000 00184 a2200097 4500
020 _a9789682973413
041 _aspa
100 _aAlfredo Bryce Echenique
245 _aGoig
942 _cK
999 _c31247
_d31245